| 000 | 01071nam a2200325Ia 4500 | ||
|---|---|---|---|
| 001 | B6633 | ||
| 003 | IT-RoPAU | ||
| 008 | 130308s9999 xx 000 0 und d | ||
| 040 | _aIT-RoPAU | ||
| 040 | _cIT-RoPAU | ||
| 041 | _aITALIANO | ||
| 100 | _aCima Ettore | ||
| 100 | _gCodice Aut. SPICS: 25874 | ||
| 245 | _aEsperienza di musicoterapia di gruppo con tecniche di tipo recettivo | ||
| 245 | _bRivista di musicoterapia , N.6-Dicembre 1988 | ||
| 250 | _a1a ed. | ||
| 260 | _aTORINO | ||
| 260 | _bMinerva Medica | ||
| 260 | _c1988 [1° Ed.:1988 - Ed.Ling.Originale:1988] | ||
| 300 | _a"6 p. (prefazione: no ; testo: 6 [pagine: 61-66])" | ||
| 500 | _aResoconto di un'esperienza di musicoterapia condotta presso Il Centro di riabilitazione di Casalnoceto (Alessandria). Considerazioni Sull'Ascolto. Considerazioni Sugli Aspetti Relazionali. | ||
| 650 | _aSAGGI MUSICALI | ||
| 650 | _eCodice materia Spics: 7011 | ||
| 700 | _aManarolo Gerardo | ||
| 700 | _gCodice Aut. SPICS: 25996 | ||
| 942 | _cBK | ||
| 957 | _71 | ||
| 999 |
_c38201 _d38201 |
||
| 999 | _bSI | ||
| 999 | _g1 | ||